Responses for Show #6529 - Thursday, January 24, 2013

Joshua Brakhage game 2.

Contestants

[<< previous game]

Waymond Mitchell, a quotation specialist from Houston, Texas

Zora Shinn, a retired attorney from Solvang, California

Joshua Brakhage, a TV news producer originally from South Coffeyville, Oklahoma (whose 1-day cash winnings total $20,006)

[next game >>]

Jeopardy! Round responses

LET'S MAKE A QUILT
GEO-POLITICIANS
"L" CAN EAT
AUTHOR! AUTHOR!
EYE ON SPORTS
VOWELICIOUS
(Alex: Each correct response contains more vowels than consonants.)
    $200 22
a crazy quilt

Zora
    $200 16
John Hancock

Joshua
    $200 1
licorice

Waymond
    $200 11
Hans Christian Andersen

Joshua
    $200 6
Martina Navratilova

Waymond
    $200 21
a canoe

Zora
    $400 23
a Baltimore quilt

Triple Stumper
    $400 17
South Carolina

Zora
    $400 2
lasagna

Joshua
    $400 12
Alice Walker

Waymond
    $400 7
(Waymond: Who is Amare Stoudemire?)

New York Knicks

JoshuaWaymond
    $400 25
a ukulele

Joshua
    $600 24
(Alex: A minute to go, now.)

batting

Joshua
    $800 18
(Zora: Who is Daniel Boone?)

Davy Crockett

Zora
    $600 3
lobster

Joshua
    $600 13
Sex and the City

Joshua
    $600 8
Ted Williams

Waymond
    $600 26
an oasis

Zora
    $800 29
a bee

Joshua
    $800 19
(Warren G.) Harding

Triple Stumper
    $800 4
ladyfinger

Joshua
    $800 14
Ken Kesey

Zora
    $800 9
Tiger Woods

Triple Stumper
    $800 27
etiquette

Waymond
    $1000 30
appliqué

Zora
    $1000 20
Stephen Douglas

Joshua
    $1000 5
Lender's

Joshua
    $1000 15
Upton Sinclair

Joshua
    $1000 10
(Joshua: What's a referee?)

(baseball) umpire

JoshuaWaymond
    $1000 28
(Joshua: What's a yarmulke?)

a beanie

JoshuaWaymond

Scores at the first commercial break (after clue 15):

Joshua Zora Waymond
$4,000 $800 $2,000

Scores at the end of the Jeopardy! Round:

Joshua Zora Waymond
$6,000 $2,400 $3,800

Double Jeopardy! Round responses

ROMAN ALONG
NONMUSICAL INSTRUMENTS
WATERFALLS
WEATHER SONGS
BACK WORDS
"BOUND" FOR GLORY
    $400 6
the Colosseum

Zora
    $400 11
odometer

Joshua
    $400 22
Victoria Falls

Joshua
    $400 1
Jim Morrison

Zora
    $400 12
discs

Zora
    $400 14
leaps and bounds

Joshua
    $800 7
firemen

Triple Stumper
    $800 13
heartbeat (or heart rate)

Joshua
    $800 23
Yosemite

Zora
    $800 2
"Blowin' In The Wind"

Zora
    $800 27
(Waymond: What is dorsal?)

dorsi

ZoraWaymond
    $800 15
(Waymond [after time expired] What is bounty?)

abound

JoshuaWaymond
    $1200 8
(Waymond: Who was Pompey?)

Marc Antony

JoshuaWaymond
    $1200 19
iron maiden

Zora
    $1200 24
Niagara Falls

Waymond
    $1200 3
Creedence Clearwater Revival

Waymond
    $1200 28
spina bifida

Triple Stumper
    $1200 16
the rebound

Waymond
    $1600 9
Constantine

Zora
    $1600 20
clouds

Waymond
    $2,000 25
(Alex: And we have less than a minute to go now.)

Angel Falls

Waymond
    $1600 4
"Heat Wave"

Triple Stumper
    $1600 29
[end-of-round signal sounds]

scoliosis

Zora
    $1600 17
bounder

Zora
    $2000 10
Caracalla

Zora
    $5,000 21
(Waymond: What is an Etch-a-Sketch?)

spirograph

Waymond
    $2000 26
the seven sisters

Waymond
    $2000 5
"Snowbird"

Triple Stumper
    $2000 18
Outward Bound

Zora

Scores at the end of the Double Jeopardy! Round:

Joshua Zora Waymond
$10,000 $16,000 $5,200

[wagering suggestions for these scores]

Final Jeopardy! Round responses

OLYMPIC HOST CITIES
WaymondWhat is Sarajevo?
$5,200
JoshuaWhat is Sarejevo?
$10,000
ZoraWhat is Seoul
$4,100
Sarajevo

Final scores:

Joshua Zora Waymond
$20,000 $11,900 $10,400
2-day champion: $40,006 2nd place: $2,000 3rd place: $1,000

Game dynamics:

Coryat scores:

Joshua Zora Waymond
$10,000 $16,800 $9,800
19 R,
2 W
18 R,
1 W
(including 1 DD)
13 R
(including 1 DD),
5 W
(including 1 DD)

Combined Coryat: $36,600

[game clues] [game scores] [suggest correction]

Game tape date: 2012-10-23
The J! Archive is created by fans, for fans. Scraping, republication, monetization, and malicious use prohibited; this site may use cookies and collect identifying information. See terms. The Jeopardy! game show and all elements thereof, including but not limited to copyright and trademark thereto, are the property of Jeopardy Productions, Inc. and are protected under law. This website is not affiliated with, sponsored by, or operated by Jeopardy Productions, Inc. Join the discussion at JBoard.tv.